Normal view
MARC view
- Quilliot, Roland
Entry Nombre Personal
001 - NUMERO DE CONTROL
- campo de control: 44290
003 - IDENTIFICADOR DE NUMERO DE CONTROL
- campo de control: DLC
005 - FECHA Y HORA DE LA ÜLTIMA TRANSACCIÓN
- campo de control: 20220510083224.0
008 - DATOS DE LONGITUD FIJA
- campo de control de longitud fija: 220510n| azannaabn |n aaa c
010 ## - NÚMERO DE CONTROL DE LA BIBLIOTECA DEL CONGRESO
- Número de control LC: nr 92017374
035 ## - NUMERO DE CONTROL
- Número de control: (OCoLC)oca03166551
040 ## - FUENTE DE CATALOGACIÓN
- Agencia original de catalogación: NjP
- Lenguaje de catalogación: spa
- Description conventions: rda
- Agencia de transcripción: NjP
- Agencia que lo modifica: NcU
- Agencia que lo modifica: MX-MxUPN
100 1# - ENCABEZAMIENTO - NOMBRE PERSONAL
- Nombre personal: Quilliot, Roland
370 ## - LUGAR ASOCIADO
- Associated country: Francia
372 ## - CAMPO DE ACTIVIDAD
- Field of activity: Filosofía
374 ## - OCUPACIÓN
- Occupation: Filósofo
375 ## - GÉNERO
- Gender: masculino
377 ## - LENGUA ASOCIADA
- Language code: fre
670 ## - FUENTE EN LA QUE SE LOCALIZARON DATOS
- Cita de la fuente: En su obra: Arthur Koestler, 1990:
- Información localizada: portada (Roland Quilliot, Agrégé de philosophie, Docteur en philosophie, asst., Univ. de Dijon)
670 ## - FUENTE EN LA QUE SE LOCALIZARON DATOS
- Cita de la fuente: Borges et l'étrangeté du monde, 1991:
- Información localizada: portada (Roland Quilliot)
902 ## - CATALOGADOR
- Catalogador: NDAF/220510
